Statistics for 10 letter geography

Click here to take the quiz!

General Stats

  • This quiz has been taken 58 times
  • The average score is 11 of 16

Answer Stats

HintAnswer% Correct
Kim Jong-UnNorth Korea
98%
Seoul and BusanSouth Korea
96%
Tashkent, Samarkand, and the Aral SeaUzbekistan
90%
Milford Sound, and the Maori peopleNew Zealand
88%
Capital of the aboveWellington
88%
Baku is the capitalAzerbaijan
86%
Astana, Almaty, and the Aral SeaKazakhstan
86%
"Land of Lemurs"Madagascar
86%
DushanbeTajikistan
86%
BiskekKyrgyzstan
76%
Maputo and lake NyasaMozambique
71%
Polynesia, Macronesia and _____Micronesia
69%
Lake by Tanzania and BurundiTanganyika
51%
Very densly populatedBangladesh
35%
Some islands are Mahe, Praslin, and La DigueSeychelles
31%
Old name of BotswanaBasutoland
8%

Score Distribution

Percentile by Number Answered

Percent of People with Each Score

Your Score History

You have not taken this quiz